000 01221nam0a2200313 4500
001 RU\NLR\bibl\113318
005 20260405084820.0
010 _a5-89752-008-9
_95000
021 _aRU
_b2000-24249
_91150
035 _a(NLR Aleph) 000110932
090 _a629255
_c629255
100 _a20001017d1998 |||y0rusy50 ca
101 0 _arus
102 _aRU
105 _aac |||||||||
200 1 _aПоследний поход Императора
_fВ.И. Иванов
210 _aМ.
_cРед.- изд. отд. Мособлупрполиграфиздата
_d1998
215 _a[1], 271 c., [1] л. цв. портр.
_cил.
_d21
600 0 _aПетр
_cимператор российский
_dI
_f1672 - 1725
_xв художественной литературе
_92096001
_3RU\NLR\AUTH\661268173
686 _aШ6(2=Р)75-442
700 1 _4070
_7ca
_8rus
_aИванов
_bВ. И.
_cд-р мед. наук; писатель
_f1924-
_gВиталий Иванович
_913963
_3RU\NLR\auth\7730947
801 0 _aRU
_bNLR
_c20001017
_gPSBO
801 1 _aRU
_bNLR
_c20001017
852 _aNLR
_j2000-3/11907
942 _cBOOK
980 _aNB